000 00498nam a2200157Ia 4500
008 100122s9999 xx 000 0 und d
082 _b77451
_a823
100 _aपांढरीपांडे विजय
245 _aपडद्यामागचा अंक चौथा
250 _a1
260 _c2009
300 _a79
630 _aपडद्यामागचा अंक चौथा
730 _aपडद्यामागचा अंक चौथा
942 _cBOOK
999 _c394537
_d394534